Países na sua língua de origem - Statistics

Estatísticas Gerais
  • Esse quiz foi jogado 80 vezes
  • A pontuação média é 14 de 24
Estatísticas das Respostas
Nativo Português % Correto
Deutschland Alemanha
97%
Italia Itália
95%
Ísland Islândia
93%
Nederland  Países Baixos
92%
Polska Polônia
92%
Česká Republika República Tcheca
92%
España Espanha
91%
Mongol Uls Mongolia
83%
Schweiz Suíça
83%
Kypros Chipre
63%
Norge Noruega
63%
Ityop'ia Etiópia
60%
Hellas Grécia
52%
Civitas Vaticana Cidade do Vaticano
51%
Österreich Austria
48%
Nihon Japão
43%
Éire Irlanda
39%
Hrvatska Croácia
37%
Suomi Finlândia
32%
Magyarország Hungria
23%
Kampuchea Camboja
21%
Al-Jazā'ir Argélia
17%
Aotearoa Nova Zelândia
7%
Miṣr Egito
5%
Nenhum quiz correspondente encontrado
Distribuição das Pontuações
Porcentagem de Pessoas com Cada Pontuação
Percentil de Números Respondidos
Sua Pontuação Histórica
Você não jogou esse quiz